Epistemología y derecho (Record no. 136992)

MARC details
000 -LEADER
fixed length control field 00675nam a22002057a 4500
005 - DATE AND TIME OF LATEST TRANSACTION
control field 20230301083049.0
008 - FIXED-LENGTH DATA ELEMENTS--GENERAL INFORMATION
fixed length control field 230227b mx ||||| |||| 00| 0 spa d
050 04 - LIBRARY OF CONGRESS CALL NUMBER
Classification number BD165
Item number E65 2007
245 00 - TITLE STATEMENT
Title Epistemología y derecho
Statement of responsibility, etc / José Alfonso Bouzas Ortíz,...[et al]
250 ## - EDITION STATEMENT
Edition statement 1a ed.
260 ## - PUBLICATION, DISTRIBUTION, ETC. (IMPRINT)
Place of publication, distribution, etc México :
Name of publisher, distributor, etc Universidad Nacional Autónoma de México,
Date of publication, distribution, etc 2007
300 ## - PHYSICAL DESCRIPTION
Extent 353 p. ;
Dimensions 21 cm.
504 ## - BIBLIOGRAPHY, ETC. NOTE
Bibliography, etc Bibliografía : p. 319-346
650 #4 - SUBJECT ADDED ENTRY--TOPICAL TERM
Topical term or geographic name as entry element Epistemología
650 #7 - SUBJECT ADDED ENTRY--TOPICAL TERM
Topical term or geographic name as entry element Teoría del conocimiento
700 1# - ADDED ENTRY--PERSONAL NAME
Personal name Bouzas Ortíz, José Alfonso,
Relator term autor
700 1# - ADDED ENTRY--PERSONAL NAME
Personal name Cirión Lee, Juan José,
Relator term autor
700 1# - ADDED ENTRY--PERSONAL NAME
Personal name Gómez Gallardo, Perla,
Relator term autor
942 ## - ADDED ENTRY ELEMENTS (KOHA)
Source of classification or shelving scheme Biblioteca del Cogreso de los Estados Unidos
Koha item type Libro
Holdings
Estado de pérdida Fuente de clasificación Estado del daño No para préstamo Ubicación permanente Ubicación actual Apartado o colección Fecha de adquisición Fuente de adquisición Edición Área del conocimiento Total Checkouts Clasificación Código de Barras Date last seen Número de copia Costo por reposición Tipo de recurso
  Biblioteca del Cogreso de los Estados Unidos     Biblioteca del Posgrado en Derecho Biblioteca del Posgrado en Derecho Colección Ernesto Villanueva 01/03/2023 Donación 1a ed. Educación y Humanidades   BD165 E65 2007 BPD000001804 01/03/2023 1 1.00 Libro